000 00750nam a2200217Ii 4500
003 JO-AjNU
008 230605s9999||||xx |||||||||||||| ||und||
017 _a2008/8/2763
040 _aJO-AjNU
_bara
_erda
_cJO-AjNU
041 _aara
050 1 4 _aHF5415.2009
100 3 _aالعلاق،بشير,
_eauthor
_933206
245 0 0 _aاساسيات التسويق الدوائي
250 _aط العربية
264 3 1 _aعمان:دار اليازوري العلمية للنشر والتوزيع؛2009
300 _a255ص
_bيحتوي على ببلوغرافية من ص245-255ص
336 _atext
_btxt
_2rdacontent
337 _aunmediated
_bn
_2rdamedia
338 _avolume
_bnc
_2rdacarrier
650 4 _aالتسويق-الدواء
_933207
999 _aA13491
_c17059
_d17059